| 000 | 00596nam a22002057a 4500 | ||
|---|---|---|---|
| 005 | 20150330060804.0 | ||
| 008 | 080424s2008 nyua b 001 0 eng | ||
| 020 | _a9780071488525 | ||
| 041 | 0 | _aeng | |
| 080 | _a621.382 | ||
| 100 | 1 | _aRussell, Travis. | |
| 245 | 1 | 0 |
_aSession Initiation Protocol (SIP) : _cTravis Russell. |
| 260 |
_aNew York : _bMcGraw-Hill, _c2008. |
||
| 300 |
_a264 f. : _bme il.; _c25 cm. |
||
| 440 | 0 | _aMcGraw-Hill communications | |
| 505 | _aIndex: f. 251 - 264 | ||
| 650 | 0 | _aPaisje elektronike | |
| 650 | 0 | _aRrjetat | |
| 942 |
_2udc _cBK |
||
| 999 |
_c597 _d597 |
||